| 000 | 00715nam a2200205 a 4500 | ||
|---|---|---|---|
| 001 | 000017468 | ||
| 005 | 20240530073918.0 | ||
| 008 | 100325s2008 dr c r 001 f spa d | ||
| 020 | _a9789945420425 | ||
| 040 |
_aDO-SdBNP _bspa _cBNPHU |
||
| 082 |
_aRD863.44 _bN789j |
||
| 100 | 1 |
_aNolasco Cordero, Francísco, _d1932-2008 _938189 |
|
| 245 | 1 | 0 |
_aJando : _bEl New York man / _cFrancisco Nolasco Cordero. |
| 260 |
_aSan Francisco de Macorís : _bAngeles Fierro ; _bNacional, _c2008. |
||
| 300 |
_a189 p. : _bretr. ; _c21 cm. |
||
| 500 | _aIncluye datos biográficos del autor en la solapa de la cubierta | ||
| 590 | _aInventariado, 2019/BT | ||
| 650 | 0 |
_aNovela dominicana _9223 |
|
| 650 | 0 |
_aLiteratura dominicana. _967 |
|
| 999 |
_c16993 _d16993 |
||